Poisťovňa Dôvera minula na svoju reklamu milióny

Bibliographic Details
Main Author: Drozdíková, Ingrid (Author)
Format: Article
Language:Slovak
PhysicalDescription:Fotogr.
ISSN:1335-440X
Subjects:

MARC

LEADER 00000nab a2200000 ar4500
001 vtls008944198
003 SK-MaSNL
005 20260303070933.0
008 070209c2006 xo dr|p|||||||000 b|slo
015 |a SNBRB2007/02  |2 snkbucl 
038 |a SNKBUCL 
040 |a SNKBUCL  |b slo  |c SNKBUCL  |e AACR2 
041 |a slo 
044 |a xo  |c SK 
080 |a 369.26  |x (437.6)  |2 1997 
100 1 |a Drozdíková, Ingrid  |4 aut  |9 856947 
245 1 0 |a Poisťovňa Dôvera minula na svoju reklamu milióny  |c Ingrid Drozdíková 
300 |b Fotogr. 
610 2 7 |a Dôvera (zdravotná poisťovňa)  |2 snkbucl  |9 162974 
650 0 7 |a zdravotné poisťovne  |2 snkbucl  |9 69782 
773 0 |t Sme. Práca  |g Roč. 15, č. 161 (14.7.2006), s. 3  |x 1335-440X 
852 |a SNK  |b KIS3GCP 
958 |a SK 
999 |c 1757598  |d 1759528